000 01026nam a2200265Ia 4500
003 OSt
005 20220923211558.0
006 a|||||r|||| 00| 0
007 ta
008 220922b |||||||| |||| 00| 0 hin d
020 _a9789386319852 (hbk)
_c1495
024 _a354,624
037 _b1119, 29/12/2021, Kiran Book Service
_cTextual
040 _aARTS
_cARTS
_bhin
041 _2hin
_ahin
082 _aY5927:1, 152Q8
100 _aपटेल, उत्पल के., ले.
_9160862
245 0 _aअनुसूचित जनजाति एवं उनकी अकांक्षाएॅं
246 _aAnusūchit janajāti evan unakī akāankṣhāeॅan
260 _aजयपुर
_b पैराडाइज पब्लिशर्स
_c2018
300 _a241पृ.
_ccm.
650 _aसमाजशास्त्र
942 _hY5927:1, 152Q8
_cTEXL
_2CC
999 _c300984
_d300984